<?xml version="1.0" encoding="UTF-8"?>
<record
    xmlns:xsi="http://www.w3.org/2001/XMLSchema-instance"
    xsi:schemaLocation="http://www.loc.gov/MARC21/slim http://www.loc.gov/standards/marcxml/schema/MARC21slim.xsd"
    xmlns="http://www.loc.gov/MARC21/slim">

  <leader>02132nam0a2200409   4500</leader>
  <controlfield tag="001">RU\NLR\bibl\15871</controlfield>
  <controlfield tag="005">20260405121651.0</controlfield>
  <datafield tag="010" ind1=" " ind2=" ">
    <subfield code="a">5-89208-011-0</subfield>
  </datafield>
  <datafield tag="035" ind1=" " ind2=" ">
    <subfield code="a">(NLR Aleph) 000015500</subfield>
  </datafield>
  <datafield tag="090" ind1=" " ind2=" ">
    <subfield code="a">64171</subfield>
    <subfield code="c">64171</subfield>
  </datafield>
  <datafield tag="100" ind1=" " ind2=" ">
    <subfield code="a">19990312d1998    |||y0rusy50      ca</subfield>
  </datafield>
  <datafield tag="101" ind1="0" ind2=" ">
    <subfield code="a">rus</subfield>
    <subfield code="d">eng</subfield>
  </datafield>
  <datafield tag="102" ind1=" " ind2=" ">
    <subfield code="a">RU</subfield>
  </datafield>
  <datafield tag="105" ind1=" " ind2=" ">
    <subfield code="a">a   |||||||||</subfield>
  </datafield>
  <datafield tag="200" ind1="1" ind2=" ">
    <subfield code="a">&#x41A;&#x443;&#x43B;&#x44C;&#x442;&#x443;&#x440;&#x43D;&#x44B;&#x439; &#x43B;&#x430;&#x43D;&#x434;&#x448;&#x430;&#x444;&#x442; &#x420;&#x443;&#x441;&#x441;&#x43A;&#x43E;&#x433;&#x43E; &#x421;&#x435;&#x432;&#x435;&#x440;&#x430;</subfield>
    <subfield code="e">&#x41F;&#x438;&#x43D;&#x435;&#x436;&#x44C;&#x435;, &#x41F;&#x43E;&#x43C;&#x43E;&#x440;&#x44C;&#x435;</subfield>
    <subfield code="e">&#x41F;&#x435;&#x440;&#x432;&#x44B;&#x439; &#x442;&#x435;&#x43C;&#x430;&#x442;. &#x432;&#x44B;&#x43F;. &#x434;&#x43E;&#x43A;&#x43B;. &#x441;&#x435;&#x43C;&#x438;&#x43D;&#x430;&#x440;&#x430;</subfield>
    <subfield code="f">&#x41A;&#x430;&#x43B;&#x443;&#x446;&#x43A;&#x43E;&#x432; &#x412;.&#x41D;., &#x418;&#x432;&#x430;&#x43D;&#x43E;&#x432;&#x430; &#x410;.&#x410;., &#x414;&#x430;&#x432;&#x44B;&#x434;&#x43E;&#x432;&#x430; &#x42E;.&#x410;. &#x438; &#x434;&#x440;.</subfield>
    <subfield code="g">&#x421;&#x435;&#x43C;&#x438;&#x43D;&#x430;&#x440; "&#x41A;&#x443;&#x43B;&#x44C;&#x442;. &#x43B;&#x430;&#x43D;&#x434;&#x448;&#x430;&#x444;&#x442;"</subfield>
  </datafield>
  <datafield tag="210" ind1=" " ind2=" ">
    <subfield code="a">&#x41C;.</subfield>
    <subfield code="c">&#x418;&#x437;&#x434;-&#x432;&#x43E; &#x424;&#x41C;&#x411;&#x41A;</subfield>
    <subfield code="d">1998</subfield>
  </datafield>
  <datafield tag="215" ind1=" " ind2=" ">
    <subfield code="a">136 &#x441;.</subfield>
    <subfield code="c">&#x438;&#x43B;., &#x43F;&#x43E;&#x440;&#x442;&#x440;., &#x43A;&#x430;&#x440;&#x442;.</subfield>
    <subfield code="d">24</subfield>
  </datafield>
  <datafield tag="300" ind1=" " ind2=" ">
    <subfield code="a">&#x41D;&#x430; 136-&#x439; &#x441;. &#x430;&#x432;&#x442;.: &#x412;.&#x41D;. &#x41A;&#x430;&#x43B;&#x443;&#x446;&#x43A;&#x43E;&#x432;, &#x433;&#x435;&#x43E;&#x433;&#x440;&#x430;&#x444; &#x438; &#x434;&#x440;.</subfield>
  </datafield>
  <datafield tag="300" ind1=" " ind2=" ">
    <subfield code="a">&#x420;&#x435;&#x437;. &#x43D;&#x430; &#x430;&#x43D;&#x433;&#x43B;. &#x44F;&#x437;.</subfield>
  </datafield>
  <datafield tag="320" ind1=" " ind2=" ">
    <subfield code="a">&#x411;&#x438;&#x431;&#x43B;&#x438;&#x43E;&#x433;&#x440;. &#x432; &#x43A;&#x43E;&#x43D;&#x446;&#x435; &#x434;&#x43E;&#x43A;&#x43B;.</subfield>
  </datafield>
  <datafield tag="606" ind1="0" ind2=" ">
    <subfield code="a">&#x41A;&#x443;&#x43B;&#x44C;&#x442;&#x443;&#x440;&#x43D;&#x44B;&#x435; &#x43B;&#x430;&#x43D;&#x434;&#x448;&#x430;&#x444;&#x442;&#x44B;</subfield>
    <subfield code="y">&#x420;&#x43E;&#x441;&#x441;&#x438;&#x44F;</subfield>
    <subfield code="y">&#x415;&#x432;&#x440;&#x43E;&#x43F;&#x435;&#x439;&#x441;&#x43A;&#x430;&#x44F; &#x447;&#x430;&#x441;&#x442;&#x44C;</subfield>
    <subfield code="y">&#x421;&#x435;&#x432;&#x435;&#x440;</subfield>
    <subfield code="9">2457166</subfield>
    <subfield code="3">RU\NLR\auth\661460418</subfield>
  </datafield>
  <datafield tag="606" ind1="1" ind2=" ">
    <subfield code="a">&#x42D;&#x442;&#x43D;&#x43E;&#x433;&#x440;&#x430;&#x444;&#x438;&#x44F;</subfield>
    <subfield code="j">&#x421;&#x431;&#x43E;&#x440;&#x43D;&#x438;&#x43A;&#x438;</subfield>
    <subfield code="y">&#x420;&#x43E;&#x441;&#x441;&#x438;&#x439;&#x441;&#x43A;&#x430;&#x44F; &#x424;&#x435;&#x434;&#x435;&#x440;&#x430;&#x446;&#x438;&#x44F;</subfield>
    <subfield code="y">&#x415;&#x432;&#x440;&#x43E;&#x43F;&#x435;&#x439;&#x441;&#x43A;&#x430;&#x44F; &#x447;&#x430;&#x441;&#x442;&#x44C;</subfield>
    <subfield code="y">&#x421;&#x435;&#x432;&#x435;&#x440;</subfield>
    <subfield code="9">2164708</subfield>
    <subfield code="3">RU\NLR\auth\661302562</subfield>
  </datafield>
  <datafield tag="607" ind1=" " ind2=" ">
    <subfield code="a">&#x420;&#x43E;&#x441;&#x441;&#x438;&#x439;&#x441;&#x43A;&#x430;&#x44F; &#x424;&#x435;&#x434;&#x435;&#x440;&#x430;&#x446;&#x438;&#x44F;</subfield>
    <subfield code="j">&#x421;&#x431;&#x43E;&#x440;&#x43D;&#x438;&#x43A;&#x438;</subfield>
    <subfield code="x">&#x41A;&#x443;&#x43B;&#x44C;&#x442;&#x443;&#x440;&#x430;</subfield>
    <subfield code="y">&#x415;&#x432;&#x440;&#x43E;&#x43F;&#x435;&#x439;&#x441;&#x43A;&#x430;&#x44F; &#x447;&#x430;&#x441;&#x442;&#x44C;</subfield>
    <subfield code="y">&#x421;&#x435;&#x432;&#x435;&#x440;</subfield>
    <subfield code="9">2457167</subfield>
    <subfield code="3">RU\NLR\auth\661460419</subfield>
  </datafield>
  <datafield tag="686" ind1=" " ind2=" ">
    <subfield code="a">&#x414;821.6(2&#x420;31)</subfield>
  </datafield>
  <datafield tag="686" ind1=" " ind2=" ">
    <subfield code="a">&#x422;3(2&#x420;31)0-7&#x44F;43</subfield>
  </datafield>
  <datafield tag="686" ind1=" " ind2=" ">
    <subfield code="a">&#x422;52(23=7,1)&#x44F;43</subfield>
  </datafield>
  <datafield tag="701" ind1=" " ind2="1">
    <subfield code="4">070</subfield>
    <subfield code="7">ca</subfield>
    <subfield code="8">rus</subfield>
    <subfield code="a">&#x41A;&#x430;&#x43B;&#x443;&#x446;&#x43A;&#x43E;&#x432;</subfield>
    <subfield code="b">&#x412;. &#x41D;.</subfield>
    <subfield code="c">&#x434;-&#x440; &#x433;&#x435;&#x43E;&#x433;&#x440;. &#x43D;&#x430;&#x443;&#x43A;</subfield>
    <subfield code="f">1953-</subfield>
    <subfield code="g">&#x412;&#x43B;&#x430;&#x434;&#x438;&#x43C;&#x438;&#x440; &#x41D;&#x438;&#x43A;&#x43E;&#x43B;&#x430;&#x435;&#x432;&#x438;&#x447;</subfield>
    <subfield code="9">30578</subfield>
    <subfield code="3">RU\NLR\AUTH\7747643</subfield>
  </datafield>
  <datafield tag="701" ind1=" " ind2="1">
    <subfield code="4">070</subfield>
    <subfield code="8">rus</subfield>
    <subfield code="7">ca</subfield>
    <subfield code="a">&#x418;&#x432;&#x430;&#x43D;&#x43E;&#x432;&#x430;</subfield>
    <subfield code="b">&#x410;. &#x410;.</subfield>
    <subfield code="c">&#x43A;&#x430;&#x43D;&#x434;. &#x444;&#x438;&#x43B;&#x43E;&#x43B;. &#x43D;&#x430;&#x443;&#x43A;, &#x444;&#x43E;&#x43B;&#x44C;&#x43A;&#x43B;&#x43E;&#x440;</subfield>
    <subfield code="f">1954-</subfield>
    <subfield code="g">&#x410;&#x43D;&#x43D;&#x430; &#x410;&#x43B;&#x435;&#x43A;&#x441;&#x430;&#x43D;&#x434;&#x440;&#x43E;&#x432;&#x43D;&#x430;</subfield>
    <subfield code="3">RU\NLR\auth\7747642</subfield>
    <subfield code="9">30577</subfield>
  </datafield>
  <datafield tag="701" ind1=" " ind2="1">
    <subfield code="a">&#x414;&#x430;&#x432;&#x44B;&#x434;&#x43E;&#x432;&#x430;</subfield>
    <subfield code="b">&#x42E;. &#x410;.</subfield>
    <subfield code="4">070</subfield>
  </datafield>
  <datafield tag="801" ind1=" " ind2="0">
    <subfield code="a">RU</subfield>
    <subfield code="b">NLR</subfield>
    <subfield code="c">19990312</subfield>
    <subfield code="g">PSBO</subfield>
  </datafield>
  <datafield tag="801" ind1=" " ind2="1">
    <subfield code="a">RU</subfield>
    <subfield code="b">NLR</subfield>
    <subfield code="c">19990312</subfield>
  </datafield>
  <datafield tag="852" ind1=" " ind2=" ">
    <subfield code="a">NLR</subfield>
    <subfield code="j">98-7/1583</subfield>
  </datafield>
  <datafield tag="942" ind1=" " ind2=" ">
    <subfield code="c">BOOK</subfield>
  </datafield>
  <datafield tag="980" ind1=" " ind2=" ">
    <subfield code="a">NB</subfield>
  </datafield>
  <datafield tag="995" ind1=" " ind2=" ">
    <subfield code="5">2013-10-26</subfield>
    <subfield code="b">NLR01</subfield>
    <subfield code="c">NLR01</subfield>
    <subfield code="e">RF8</subfield>
    <subfield code="f">1-1405724</subfield>
    <subfield code="k">98-7/1583</subfield>
    <subfield code="o">0</subfield>
    <subfield code="r">BOOK</subfield>
    <subfield code="s">9871583_</subfield>
  </datafield>
</record>
